000 00873nam a2200277Ia 4500
003 OSt
005 20220928121547.0
006 a|||||r|||| 00| 0
007 ta
008 220927b |||||||| |||| 00| 0 eng d
020 _cUKP 80.00
024 _a144417
037 _b61640, 19/03/2021, Segment Book Distributors
_cTextual
040 _aSDCL
_cSDCL
_beng
041 _2eng
_aeng
082 _aX:8, R0
100 _aLawrence Kenneth D. Ed.
_9444572
245 0 _aApplications of management science
260 _aIndia
_bEmerlad Publishing
_c2020
300 _axiii,237p.
_ccm.
490 _aApplications of management science
650 _aReference
700 _a Rai Dinesh R Ed.
_9453068
942 _hX:8, R0
_cTEXL
_2CC
999 _c766994
_d766994